00680nam a2200217Ia 4500008004100000020001800041050001100059050001400070100001900084245002700103245002200130260002600152260002900178260000900207300001600216300002000232300001000252500016300262650002600425700001100451180207s9999 xx 000 0 und d a9786214150472 a650.01 bA117 2017 aAbao, Zenon R. aBusiness mathematics / cby Zenon R. Abao. aManila, Philippines : bJFS Publishing Services, c2017 a191 pages : billustrations ; c25cm. aContents: Review of mathematical concepts -- Mathematics of retailing -- Employee's compensation -- Financial reports -- Simple interest -- Compound interest. aBusiness mathematics. aTitle.